| 000 | 00613nam a22001817a 4500 | ||
|---|---|---|---|
| 003 | OSt | ||
| 005 | 20250519032448.0 | ||
| 008 | 250306t1975 |||a|||| |||| 000 1 eng d | ||
| 040 | _cJMCFI - Learning Resource Center | ||
| 082 | _aF.P./G.Ed. 051 R286 1975 | ||
| 245 |
_aReader's digest condensed books / _cedited by Deirdre Gilbert. |
||
| 260 |
_aCanada : _bReader's Digest Association, Inc., _c1975. |
||
| 300 |
_a574 pages : _bcolored, illus. ; _c19 cm |
||
| 650 |
_aCondensed books. _915102 |
||
| 700 |
_aGilbert, Deirdre _eeditor _915192 |
||
| 710 |
_aReader's Digest Association, Inc. _915104 |
||
| 942 |
_2ddc _cBK _n0 |
||
| 999 |
_c5335 _d5335 |
||